Тимови АБА лиге - Statystyki

Ogólne statystyki
  • Ten quiz został rozwiązany 17 razy
  • Średni wynik to 10 z 14
Statystyki odpowiedzi
Град Тим % Poprawnych
Чачак Борац
85%
Сплит Сплит
85%
Љубљана Цедевита Олимпија
77%
Београд Црвена Звезда
77%
Београд Партизан
77%
Задар Задар
77%
Подгорица Будућност
69%
Београд ФМП
69%
Александровац Игокеа
69%
Београд Мега
69%
Бар Морнар
69%
Скопље МЗТ Скопје
62%
Подгорица Дерби
38%
Загреб Цибона
31%
Nie znaleziono quizów pasujących do podanych kryteriów
Rozkład punktacji
Procent ludzi z każdym wynikiem
Percentyl według liczby udzielonych odpowiedzi
Twoja historia wyników
Nie rozwiązałeś tego quizu